Formy finančného rizika v obdobiach poklesu realitných trhov

Klasifikácia foriem finančného rizika. Analýza sledu udalostí počas kríz na realitných trhoch. Epizódy realitných kríz vo vybraných krajinách - Švédsko, Japonsko, Thajsko, Írsko, USA. Najdôležitejšie formy rizika. Indikácia formovania rizík - modely logit a probit.

Uložené v:
Podrobná bibliografia
Hlavný autor: Karšay, Alexander, 1983-
Médium: Kapitola
Jazyk:Slovak
Predmet:
Tagy: Pridať tag
Žiadne tagy, Buďte prvý, kto otaguje tento záznam!

MARC

LEADER 00000nla$a2200000$$$4500
001 0146822
005 20240617094658.0
041 0 |a slo 
044 |a SK 
245 1 0 |a Formy finančného rizika v obdobiach poklesu realitných trhov  |c Alexander Karšay 
520 |a Klasifikácia foriem finančného rizika. Analýza sledu udalostí počas kríz na realitných trhoch. Epizódy realitných kríz vo vybraných krajinách - Švédsko, Japonsko, Thajsko, Írsko, USA. Najdôležitejšie formy rizika. Indikácia formovania rizík - modely logit a probit. 
610 2 0 |a trh hypotekárny 
610 2 0 |a trh realitný 
610 2 0 |a kríza 
610 2 0 |a banky 
610 2 0 |a riziko finančné 
100 1 |a Karšay, Alexander, 1983-